000 00437cam a2200181ua 4500
001 9953
008 170118n ii |||gr||||Z||||||asm
040 _cMAIN
041 _aasm
082 _a539.7
100 _aDeka, Basanta,
_eAuthor.
245 _aParamanu aru paramanabik kanar aviskar
_cBy Basanta Deka
260 _aUjanbazar:
_bKiran Deka.
300 _a78p.
653 _aModem physics
653 _aAtomic physics
942 _cBK
999 _c8959
_d8959